00428nam a2200181Ia 4500003000400000005001700004008004100021020000600062040000700068041000800075082002500083100002800108245004200136260002800178300001500206365000800221650001700229OSt20230505144819.0210423s1999 xx 000 0 und d a- cAL aeng a574.87328 223bGOLG aGOLDBERG (Joanna B) Ed. aGenetics of bacterial polysaccharides aLondonbCRC Pressc1999 a232bBound cINR aCell Biology